MLB The Show 22 Highest Live Series On Each Team - Statistics

General Stats
  • This quiz has been taken 505 times
  • The average score is 15 of 30
Answer Stats
Team Answer % Correct
New York Yankees Aaron Judge
94%
Los Angeles Angels (Tie) Mike Trout
80%
Atlanta Braves Ronald Acuna Jr.
75%
Philadelphia Phillies Bryce Harper
73%
Los Angeles Dodgers Mookie Betts
69%
New York Mets Jacob Degrom
68%
Toronto Blue Jays Vladimir Guerrero Jr.
68%
Cleveland Guardians Jose Ramirez
67%
San Diego Padres Fernando Tatis Jr.
66%
Boston Red Sox Chris Sale
65%
Houston Astros Justin Verlander
65%
Minnesota Twins Byron Buxton
60%
St. Louis Cardinals Paul Goldschmidt
58%
Washington Nationals Juan Soto
57%
Kansas City Royals Salvador Perez
53%
Chicago White Sox Tim Anderson
52%
Milwaukee Brewers Josh Hader
41%
Miami Marlins Jazz Chisholm
39%
Tampa Bay Rays Shane McClanahan
38%
Texas Rangers Adolis Garcia
34%
Colorado Rockies C.J. Cron
33%
San Francisco Giants Carlos Rodon
32%
Arizona Diamondbacks Zac Gallen
32%
Chicago Cubs (Tie) Contreras
28%
Baltimore Orioles Austin Hayes
24%
Detroit Tigers Tarik Skubal
23%
Pittsburgh Pirates David Bednar
20%
Seattle Mariners Ty France
19%
Oakland Athletics Frankie Montas
16%
Cincinnati Reds Brandon Drury
10%
No matching quizzes found
Score Distribution
Percent of People with Each Score
Percentile by Number Answered
Your Score History
You have not taken this quiz